[Event "GER-ch U10 Girls"]
[Site "Willingen"]
[Date "2023.06.02"]
[Round "9"]
[White "Bacakova, Klara"]
[Black "Hendler, Felicitas"]
[Result "1-0"]
[WhiteElo "1289"]
[BlackElo "1049"]
[PlyCount "61"]
[EventDate "2023.05.27"]
[EventType "swiss"]
[EventRounds "11"]
[EventCountry "GER"]
[SourceTitle "CBM 214 Extra"]
[Source "ChessBase"]
[SourceDate "2023.07.31"]
[SourceVersion "1"]
[SourceVersionDate "2023.07.31"]
[SourceQuality "1"]

1. e4 c5 2. d4 cxd4 3. c3 dxc3 4. Nxc3 Nc6 5. Nf3 d6 6. Bc4 a6 7. 0-0 Nf6 8. e5 dxe5 9. Qxd8+ Nxd8 10. Nxe5 e6 11. Rd1 b5 12. Bb3 Bb7 13. Bg5 Nc6 14. Bxf6 gxf6 15. Nxf7 Kxf7 16. Rd7+ Kg6 17. Rxb7 Nd4 18. Rd7 Nxb3 19. axb3 Bc5 20. Rd3 Bb6 21. Kf1 e5 22. Rd6 Bd4 23. Raxa6 Rxa6 24. Rxa6 Rb8 25. Nd5 e4 26. Nc3 b4 27. Nxe4 Bxb2 28. g4 Rc8 29. g5 Rf8 30. gxf6 Bxf6 31. Rb6 1-0

[Event "GER-ch U10 Girls"]
[Site "Willingen"]
[Date "2022.06.11"]
[Round "11"]
[White "Bacakova, Klara"]
[Black "Weissleder, Emia"]
[Result "1-0"]
[WhiteElo "1169"]
[BlackElo "983"]
[PlyCount "47"]
[EventDate "2022.06.04"]
[EventType "swiss"]
[EventRounds "11"]
[EventCountry "GER"]
[SourceTitle "CBM 208 Extra"]
[Source "ChessBase"]
[SourceDate "2022.07.31"]
[SourceVersion "1"]
[SourceVersionDate "2022.07.31"]
[SourceQuality "1"]

1. e4 c5 2. d4 cxd4 3. c3 e5 4. Nf3 Nc6 5. Bc4 Nf6 6. cxd4 d6 7. dxe5 Nxe4 8. exd6 Bxd6 9. 0-0 Qf6 10. Re1 Bf5 11. Nc3 Qe7 12. Nd5 Qd7 13. Ng5 0-0 14. Nxe4 Rae8 15. Nef6+ gxf6 16. Nxf6+ Kh8 17. Nxd7 Bxd7 18. Rxe8 Rxe8 19. Qxd6 b5 20. Qxd7 Re4 21. Qxc6 Rd4 22. Qf6+ Kg8 23. Bh6 Rg4 24. Qd8# 1-0

[Event "GER-ch U10 Girls"]
[Site "Willingen"]
[Date "2022.06.09"]
[Round "8"]
[White "Kovalskyy, Alicia"]
[Black "Bacakova, Klara"]
[Result "1-0"]
[WhiteElo "1499"]
[BlackElo "1169"]
[PlyCount "89"]
[EventDate "2022.06.04"]
[EventType "swiss"]
[EventRounds "11"]
[EventCountry "GER"]
[SourceTitle "CBM 208 Extra"]
[Source "ChessBase"]
[SourceDate "2022.07.31"]
[SourceVersion "1"]
[SourceVersionDate "2022.07.31"]
[SourceQuality "1"]

1. e4 c5 2. Nf3 e6 3. d4 cxd4 4. Nxd4 Nf6 5. Nc3 Bb4 6. e5 Nd5 7. Qg4 Kf8 8. Bd2 h5 9. Qg3 Nc6 10. Nxc6 bxc6 11. 0-0-0 h4 12. Qf3 Qa5 13. Nxd5 Bxd2+ 14. Rxd2 cxd5 15. a3 Rb8 16. Rd1 Ba6 17. Bxa6 Qxa6 18. Qc3 Ke7 19. Qc5+ Ke8 20. Rd4 Qb6 21. Qxb6 Rxb6 22. Rhd1 Ke7 23. c3 Rhb8 24. R1d2 g5 25. Rg4 f6 26. f4 Rg8 27. exf6+ Kxf6 28. fxg5+ Rxg5 29. Rxh4 Rb5 30. Rh7 Rg7 31. Rf2+ Kg6 32. Rxg7+ Kxg7 33. Rf4 e5 34. Rb4 Rxb4 35. axb4 Kf6 36. Kd2 Kf5 37. Ke3 d6 38. h4 Kg4 39. g3 Kf5 40. h5 e4 41. g4+ Kg5 42. b5 Kh6 43. Kf4 Kh7 44. c4 dxc4 45. Kxe4 1-0

[Event "GER-ch U10 Girls"]
[Site "Willingen"]
[Date "2021.08.29"]
[Round "11"]
[White "Bacakova, Klara"]
[Black "Kuehne, Malin"]
[Result "1/2-1/2"]
[WhiteElo "955"]
[BlackElo "938"]
[PlyCount "55"]
[EventDate "2021.08.22"]
[EventType "swiss"]
[EventRounds "11"]
[EventCountry "GER"]
[SourceTitle "EXT 2022"]
[Source "ChessBase"]
[SourceDate "2021.10.06"]
[SourceVersion "1"]
[SourceVersionDate "2021.10.06"]
[SourceQuality "1"]

1. d4 d5 2. c4 e6 3. Nc3 Nf6 4. Nf3 c5 5. cxd5 exd5 6. Bf4 Nc6 7. e3 Bg4 8. Be2 c4 9. 0-0 Be7 10. Nb5 0-0 11. Rc1 Rc8 12. b3 cxb3 13. axb3 a6 14. Nc3 Ne4 15. Qd3 Nxc3 16. Rxc3 Bb4 17. Rcc1 Re8 18. Bd1 b5 19. Bc2 g6 20. Ne5 Nxe5 21. Bxe5 Bf5 22. Qe2 Bxc2 23. Rxc2 Rxc2 24. Qxc2 Qc8 25. Qc1 Qxc1 26. Rxc1 Ra8 27. g3 Bf8 28. Ra1 1/2-1/2

[Event "GER-ch U10 Girls"]
[Site "Willingen"]
[Date "2021.08.24"]
[Round "4"]
[White "Roessler, Helena"]
[Black "Bacakova, Klara"]
[Result "0-1"]
[WhiteElo "1123"]
[BlackElo "955"]
[PlyCount "70"]
[EventDate "2021.08.22"]
[EventType "swiss"]
[EventRounds "11"]
[EventCountry "GER"]
[SourceTitle "EXT 2022"]
[Source "ChessBase"]
[SourceDate "2021.10.06"]
[SourceVersion "1"]
[SourceVersionDate "2021.10.06"]
[SourceQuality "1"]

1. e4 c5 2. Nf3 e6 3. d4 cxd4 4. Nxd4 Nf6 5. Nc3 Bb4 6. Bd3 Nc6 7. Nxc6 bxc6 8. 0-0 0-0 9. Bd2 d5 10. exd5 cxd5 11. a3 Be7 12. Qf3 e5 13. Qg3 e4 14. Bh6 Nh5 15. Qe3 exd3 16. Bf4 d4 17. Qxd3 dxc3 18. Bc1 Qxd3 19. cxd3 Bf6 20. Rd1 cxb2 21. Rb1 bxc1Q 22. Rbxc1 Bb7 23. Rc7 Rab8 24. Rb1 Ba6 25. Rd1 Bxd3 26. g3 Rb1 27. Rxb1 Bxb1 28. Rc5 g6 29. Rc1 Rb8 30. Rc4 Bb2 31. g4 Nf6 32. Rc6 Rd8 33. Ra6 Nxg4 34. Rxa7 Be4 35. Re7 Rd1# 0-1

[Event "GER-ch U10 Girls"]
[Site "Willingen"]
[Date "2021.08.23"]
[Round "2"]
[White "Leistritz, Romina"]
[Black "Bacakova, Klara"]
[Result "0-1"]
[WhiteElo "1047"]
[BlackElo "955"]
[PlyCount "110"]
[EventDate "2021.08.22"]
[EventType "swiss"]
[EventRounds "11"]
[EventCountry "GER"]
[SourceTitle "EXT 2022"]
[Source "ChessBase"]
[SourceDate "2021.10.06"]
[SourceVersion "1"]
[SourceVersionDate "2021.10.06"]
[SourceQuality "1"]

1. e4 c5 2. d4 cxd4 3. c3 dxc3 4. Nxc3 e6 5. Nf3 Nc6 6. Bc4 a6 7. 0-0 Bc5 8. Qe2 Nge7 9. Bg5 0-0 10. Nh4 h6 11. Bxh6 gxh6 12. Qg4+ Kh8 13. Bd3 Rg8 14. Qf3 Ne5 15. Qh5 Ng4 16. Nd1 Qc7 17. Re1 Qxh2+ 18. Kf1 Qf4 19. f3 Nh2+ 20. Ke2 Bb4 21. Kf2 Bxe1+ 22. Kxe1 Qg3+ 23. Ke2 Qf4 24. Nf2 Qg5 25. Qxg5 hxg5 26. Rh1 gxh4 27. Rxh2 Ng6 28. Ke3 b5 29. e5 Nxe5 30. Rxh4+ Kg7 31. Bc2 Nc4+ 32. Ke2 Nxb2 33. Rh7+ Kf8 34. Rh5 Rxg2 35. Rh8+ Ke7 36. Rh7 Bb7 37. Kf1 Bxf3 38. Nh3 Rxc2 39. Ng5 Bg2+ 40. Ke1 Rf8 41. a3 Kf6 42. Rh5 Kg6 43. Rh2 Kxg5 44. a4 bxa4 45. Rh3 Rc1+ 46. Kd2 Bxh3 47. Kxc1 f5 48. Kxb2 a3+ 49. Kxa3 f4 50. Ka4 Rb8 51. Ka5 f3 52. Kxa6 f2 53. Ka7 Rb2 54. Ka6 f1Q+ 55. Ka5 Qa1# 0-1

[Event "GER-chT U14 Girls"]
[Site "Willingen"]
[Date "2021.06.24"]
[Round "1.7"]
[White "Bacakova, Klara"]
[Black "Muhina, Liana"]
[Result "0-1"]
[WhiteElo "1173"]
[BlackElo "1273"]
[PlyCount "108"]
[EventDate "2021.06.23"]
[EventType "team-swiss"]
[EventRounds "7"]
[EventCountry "GER"]
[SourceTitle "EXT 2022"]
[Source "ChessBase"]
[SourceDate "2021.10.06"]
[SourceVersion "1"]
[SourceVersionDate "2021.10.06"]
[SourceQuality "1"]
[WhiteTeam "Leipzig SG "]
[BlackTeam "Garching"]
[WhiteTeamCountry "GER"]
[BlackTeamCountry "GER"]

1. d4 d5 2. c4 e6 3. Nc3 Nf6 4. Nf3 Be7 5. Bf4 0-0 6. e3 c6 7. Bd3 a6 8. 0-0 c5 9. cxd5 cxd4 10. exd4 Nxd5 11. Be5 Nc6 12. Bc2 f6 13. Bg3 Ndb4 14. Bb3 Qd7 15. a3 Nd5 16. Qd3 Bd6 17. Bc2 g6 18. Nxd5 exd5 19. Qb3 Bxg3 20. fxg3 Qd6 21. Be4 Be6 22. Bd3 Rab8 23. Rac1 Rfc8 24. Rfe1 Kg7 25. Bc2 Re8 26. Rf1 Bg4 27. Qd3 Bf5 28. Qd2 Be4 29. Rce1 Rbd8 30. b4 Rd7 31. Bxe4 dxe4 32. Nh4 Qxd4+ 33. Qxd4 Rxd4 34. Rd1 Red8 35. Rxd4 Rxd4 36. h3 Rd3 37. g4 Rxa3 38. Re1 e3 39. Nf3 Nxb4 40. Nd4 Kf7 41. Rc1 Nc6 42. Nxc6 bxc6 43. Re1 a5 44. Kf1 a4 45. Ke2 Ke6 46. Kf3 Ke5 47. Rxe3+ Rxe3+ 48. Kxe3 a3 49. Kd3 a2 50. Ke3 a1Q 51. Kd3 Qd4+ 52. Ke2 Ke4 53. Ke1 Ke3 54. g3 Qa1# 0-1